000 00292nam a2200109Ia 4500
005 20251222114359.0
008 251222s1900||||xx |||||||||||||| ||spa||
082 _aDVD0092/S25P/2006
245 0 _aLa Mamita de la Puerta.
264 _bCastillejo, Christian Salas Delgado, Raúl
942 _cDVD
999 _c1549
_d1549